000 01567cam a2200385 4500
001 2548235
003 YEEZEN
005 20260112134526.0
008 251212s2025 ch d e 000 0 chi d
020 _a9786267762066
_q(平裝) :
_c新臺幣420元
040 _aSAN
_bchi
_c桃市圖
_eCCR
041 1 _achi
_heng
042 _anbic
084 _a415.934
_2ncsclt
090 _a415.934
100 1 _a皮卡佛
_c(Piccaver, Matt)
_e
240 1 0 _aDementia.
_l中文
245 1 0 _a關於失智, 醫生希望你現在知道的事 :
_b診斷依據?能治療嗎?怎麼照護?簽法律文件有效力嗎……英國權威家庭醫生的第一手研究報告。 /
_c麥特.皮卡佛(Matt Piccaver)著 ; 謝慈譯
246 1 _i原文副題名 :
_aeverything your doctor doesn't have time to tell you.
246 1 0 _a診斷依據?能治療嗎?怎麼照護?簽法律文件有效力嗎……英國權威家庭醫生的第一手研究報告。
246 1 3 _a關於失智, 醫生忙到沒告訴你的事
250 _a二版
260 _a臺北市 :
_b大是文化,
_c2025.09
300 _a232面 :
_b表格 ;
_c21公分
490 1 _aEasy ;
_v138.
500 _a原書名: 關於失智, 醫生忙到沒告訴你的事
500 _a附錄: 那些你可以提早準備的事等6種
500 _a譯自: Dementia : everything your doctor doesn't have time to tell you.
650 7 _a失智症
_2lcstt.
650 7 _a阿茲海默氏症
_2lcstt.
650 7 _a健康照護
_2lcstt.
700 1 _a謝慈
_e
830 0 _aEasy ;
_v138.
942 _2ccl
_cBOOK
999 _c7684
_d7684